000
00267nam a2200109Ia 4500
008
240109s9999 xx 000 0 und d
041
_a
eng
100
_a
Gita Piramal
245
_a
Business Legends
260
_b
Penguin Books India Pvt Ltd
650
_a
Management
999
_c
1024177
_d
1024177